000 01567nam a2200397 c 4500
003 BLK
005 20250710104529.0
008 180409b bul|||||r ||||||| ||bul||
010 _aKNG00116115000
020 _a978-954-307-058-9
_bиздат.: БАГРИ
040 _aBLK
041 _aBUL
_cBUL
072 7 _2bullib
_aН85
_xДетска художествена литература Н
080 _aБългарска литература
_b821.163.2
_x-93-1
_z821.163.2-93-1
100 1 _aДългъчева, Мая Георгиева
_9289222
700 1 _aГеоргиева, Анна
_eил.
_9370361
700 1 _aСемков, Павел
_eил.
_9299709
139 _aДългъчева, Мая Георгиева
_bД 95
245 1 0 _aКак едно петле се разболяло и без него слънцето изгряло
_cМая Георгиева Дългъчева; ил. Анна Георгиева; ил. Павел Семков.
257 _aBGR
260 Пловдив
_bБАГРИ
_c2009
300 _a12 с.
_bс цв. ил.
_c22x22 см
380 _aDX
490 1 _aКнижки в поредица
500 _aКор. опис.
653 _aстихотворения за деца
653 _aдетска литература
653 _aлитература за деца
659 _aН
852 _aЦб 251162
856 4 _qpdf
_u
856 4 _qpdf
_u
942 _cKNG
_n0
_010
944 _aCR
_c15.03.2011
_lБояна Костадинова
_k30551
944 _aED
_c31.01.2012
_lф /
_k
999 _c110783
_d110783